|
|
|
|
| LEADER |
00000nam0a2200000 4500 |
| 001 |
236822 |
| 005 |
20231101231512.0 |
| 035 |
|
|
|a (RuTPU)RU\TPU\book\257990
|
| 090 |
|
|
|a 236822
|
| 100 |
|
|
|a 20130504d1990 k y0rusy50 ca
|
| 101 |
1 |
|
|a rus
|c eng
|
| 102 |
|
|
|a RU
|
| 105 |
|
|
|a y z 001zy
|
| 200 |
1 |
|
|a ПРОЛОГ - язык программирования будущего
|e пер. с англ.
|f Дж. Доорс, А. Р. Рейблейн, С. Вадера
|
| 210 |
|
|
|a Москва
|c Финансы и статистика
|d 1990
|
| 215 |
|
|
|a 144 с.
|
| 320 |
|
|
|a Предм. указ.: с. 135-139.
|
| 606 |
1 |
|
|a Программирование
|2 stltpush
|3 (RuTPU)RU\TPU\subj\51780
|9 70345
|
| 610 |
1 |
|
|a Пролог
|
| 610 |
1 |
|
|a языки программирования
|
| 610 |
1 |
|
|a арифметические выражения
|
| 610 |
1 |
|
|a рекурсия
|
| 610 |
1 |
|
|a структуры данных
|
| 610 |
1 |
|
|a операторы
|
| 610 |
1 |
|
|a отсечные клапаны
|
| 610 |
1 |
|
|a модули
|
| 675 |
|
|
|a 681.3.06
|v 3
|
| 700 |
|
1 |
|a Доорс
|b Дж.
|
| 701 |
|
1 |
|a Рейблейн
|b А. Р.
|
| 701 |
|
1 |
|a Вадера
|b С.
|
| 801 |
|
1 |
|a RU
|b 63413507
|c 20130504
|
| 801 |
|
2 |
|a RU
|b 63413507
|c 20130604
|g RCR
|
| 942 |
|
|
|c BK
|